000 01123nam a22002897a 4500
999 _c117129
_d117129
003 dpl
005 20180919174110.0
008 180919b ||||| |||| 00| 0 eng d
010 _aB-199996
020 _c150.00
_a8185241650
035 _aB-199996, B-199997
037 _bCen Lib/Ret
040 _aDPL
_bHN
_c0
082 _a
_bमित्रज
100 _aमित्र, जगदीश
_970250
245 _aमयूरपंख /
_cजगदीश मित्र
246 _aMayurpankh /
_bby Jagdeesh Mitra
260 _aनई दिल्ली
_bहिन्दी बुक सेंटर
_c2006
270 _bनई दिल्ली
_a4/5-बी, आसफ अली रोड
_e110002
300 _a127पृ.
_c21सेमी(सजिल्द)
500 _aअनुक्रमाणिका शामिल
650 _aहिन्दी साहित्य
_970251
650 _aहिन्दी -- कहानियाँ
_970252
650 _aHindi literature
_970253
650 _aHindi -- Stories
_970254
942 _2ddc
_cHN
_h
_mमित्रज